Rozdrobenosť pozemkového vlastníctva
Uložené v:
| Hlavný autor: | |
|---|---|
| Ďalší autori: | |
| Médium: | Rukopis Kniha |
| Jazyk: | Slovak |
| Vydavateľské údaje: |
Bratislava :
STU v Bratislave SvF,
2014
|
| Predmet: | |
| On-line prístup: | VAIS https://opac.crzp.sk/?fn=detailBiblioForm&sid=A61021784F381E68C60F8B90830C |
| Tagy: |
Žiadne tagy, Buďte prvý, kto otaguje tento záznam!
|
MARC
| LEADER | 00000ntm a22000003a 4500 | ||
|---|---|---|---|
| 001 | stu297132 | ||
| 005 | 20230908112022.4 | ||
| 008 | 140919s2014----xo------------------slo-d | ||
| 040 | |a STU |b slo | ||
| 041 | 0 | |a slo | |
| 044 | |a xo | ||
| 100 | 1 | |a Klempa, Balázs, |d 1990- |4 aut |u V |T SvF Stavebná fakulta |X 7054 |U V |Y 10 |7 A000007054 | |
| 242 | 0 | 0 | |a Fragmentation of land ownership |y eng |
| 245 | 1 | |a Rozdrobenosť pozemkového vlastníctva | |
| 260 | |a Bratislava : |b STU v Bratislave SvF, |c 2014 | ||
| 650 | 7 | |a geodézia a kartografia |2 stusub | |
| 650 | 7 | |a Geodesy and Cartography |2 estusub | |
| 650 | 7 | |a land ownership |2 estusub | |
| 700 | 1 | |a Hudecová, Ľubica, |d 1965- |4 ths |u V210 |U SvF Stavebná fakulta |T SvF Katedra mapovania a pozemkových úprav |X 1662 |U V210 |Y 22 |7 A000001662 | |
| 856 | 4 | |a info a plný text |u http://is.stuba.sk/zp/portal_zp.pl?podrobnosti=79562 |3 VAIS | |
| 856 | 4 | |a CRZP |u https://opac.crzp.sk/?fn=detailBiblioForm&sid=A61021784F381E68C60F8B90830C | |